The Ottoman Administration of Iraq, 1890-1908.

Bibliographic Details
Main Author: Çetinsaya, Gökhan.
Format: eBook
Language:English
Published: Milton : Taylor & Francis Group, 2006.
Edition:1st ed.
Series:SOAS/Routledge Studies on the Middle East Series
Subjects:
Online Access:Click to View
LEADER 01593nam a22003853i 4500
001 EBC7245154
003 MiAaPQ
005 20231204023229.0
006 m o d |
007 cr cnu||||||||
008 231204s2006 xx o ||||0 eng d
020 |a 9781134294954  |q (electronic bk.) 
020 |z 9780415341585 
035 |a (MiAaPQ)EBC7245154 
035 |a (Au-PeEL)EBL7245154 
035 |a (OCoLC)1378933495 
040 |a MiAaPQ  |b eng  |e rda  |e pn  |c MiAaPQ  |d MiAaPQ 
082 0 |a 320.9567/09/034 
100 1 |a Çetinsaya, Gökhan. 
245 1 4 |a The Ottoman Administration of Iraq, 1890-1908. 
250 |a 1st ed. 
264 1 |a Milton :  |b Taylor & Francis Group,  |c 2006. 
264 4 |c {copy}2007. 
300 |a 1 online resource (257 pages) 
336 |a text  |b txt  |2 rdacontent 
337 |a computer  |b c  |2 rdamedia 
338 |a online resource  |b cr  |2 rdacarrier 
490 1 |a SOAS/Routledge Studies on the Middle East Series 
588 |a Description based on publisher supplied metadata and other sources. 
590 |a Electronic reproduction. Ann Arbor, Michigan : ProQuest Ebook Central, 2023. Available via World Wide Web. Access may be limited to ProQuest Ebook Central affiliated libraries.  
655 4 |a Electronic books. 
776 0 8 |i Print version:  |a Çetinsaya, Gökhan  |t The Ottoman Administration of Iraq, 1890-1908  |d Milton : Taylor & Francis Group,c2006  |z 9780415341585 
797 2 |a ProQuest (Firm) 
830 0 |a SOAS/Routledge Studies on the Middle East Series 
856 4 0 |u https://ebookcentral.proquest.com/lib/matrademy/detail.action?docID=7245154  |z Click to View